| 000 | 00713nam a2200193 a 4500 | ||
|---|---|---|---|
| 005 | 20140414131938.0 | ||
| 008 | 110124s19uu xx 00 eng d | ||
| 020 | _a | ||
| 050 |
_aTR _bM46 2008 |
||
| 100 | _aMeyer, Stephenie, 1973- | ||
| 245 |
_aBreaking dawn / _cStephenie Meyer. |
||
| 260 |
_aNew York : _bLittle, Brown and Co., _c2008. |
||
| 500 | _a*Strictly for G7 students and above level use only | ||
| 520 | _aAlthough eighteen-year-old Bella joins the dark but seductive world of the immortals by marrying Edward the vampire, her connection to the powerful werewolf Jacob remains unsevered. | ||
| 650 | _aVampires | ||
| 650 | _aWerewolves | ||
| 650 | _aInterpersonal relations | ||
| 999 |
_c112496 _d112496 |
||